000 00835cam a2200289 4500
001 284081
003 ARRUPE
005 20131105164534.0
008 841214r19691968nyu 000 1 eng
010 _a 71078687
035 _a(OCoLC)26099
035 _a(OCoLC)ocm00026099
035 _a(CStRLIN)NYCG84-B88875
035 _a(NNC)284081
040 _dNNC
_cddd
050 0 _aPZ4.S5723
_bGu3
_aPR6037.I55
082 _a823/.9/14
090 _aPR6037.I55
_bG8 1969
100 1 _aSillitoe, Alan.
_93259
245 1 0 _aGuzman, go home,
_band other stories.
250 _a[1st ed.]
260 _aGarden City, N.Y.,
_bDoubleday,
_c1969 [c1968]
300 _a192 p.
_c22 cm.
505 0 _aRevenge.--Chicken.--Canals.--The road.--The rope trick.--Isaac Starbuck.--Guzman, go home.
942 _2lcc
_cMONOGRAPH
999 _c118516
_d118516